000 00655 a2200193 4500
999 _c182810
_d182810
005 20211206172738.0
010 _aENG-130214
020 _c985.00
_a81-935395-8-3
035 _aEN-113746
037 _bDBAD / PUB
082 _a294.551309546
100 _aSharma, L.N.
245 _aKashmir Saivism:
_cL.N. Sharma
250 _a2019
260 _aVaranasi
_bThe Bharatiya Vidya Prakashan
_c2019
270 _aShop No. 84, 85, 86 2nd Floor, Dharama Sangh Building, Opp to Durgakund Petrol Pump, Durgakund Road
_bVaranasi
_e221010
_mthe.bvpbooks@gmail.com
300 _a373p.
_c21cm (hbk)
942 _adpl
_cEN
_2ddc
_h294.551309546
_mSHA